|
|
|
|
| LEADER |
01041nam a2200253 a 4500 |
| 001 |
12846203 |
| 008 |
120716s2002 stka b 001 0 eng |
| 040 |
|
|
|a UKM
|c UKM
|d DLC
|d BD-DhAAL
|
| 010 |
|
|
|a 2002416318
|
| 020 |
|
|
|a 0748613269 (pbk.)
|
| 020 |
|
|
|a 0748613277 (hardback)
|
| 050 |
0 |
0 |
|a PE1171
|b .C37 2002
|
| 082 |
0 |
0 |
|a 425
|2 21
|
| 100 |
1 |
|
|a Carstairs-McCarthy, Andrew,
|d 1945-
|
| 245 |
1 |
3 |
|a An introduction to English morphology :
|b words and their structure /
|c Andrew Carstairs-McCarthy.
|
| 260 |
|
|
|a Edinburgh :
|b Edinburgh University Press,
|c c2002.
|
| 300 |
|
|
|a viii, 151 p. :
|b ill. ;
|c 22 cm.
|
| 490 |
0 |
|
|a Edinburgh textbooks on the English language
|
| 504 |
|
|
|a Includes bibliographical references (p. 148-149) and index.
|
| 541 |
|
|
|e 00025614
|
| 650 |
|
0 |
|a English language
|x Morphology.
|
| 852 |
1 |
|
|a Ayesha Abed Library
|c General shelf.
|
| 999 |
|
|
|c 12550
|d 12550
|
| 952 |
|
|
|0 0
|1 0
|2 ddc
|4 0
|6 425_CAR
|7 0
|9 20722
|a BRACUL
|b BRACUL
|c GEN
|d 2012-07-16
|e RIZA Enterprise
|g 2700.00
|l 4
|m 16
|o 425 CAR
|p 3010025614
|r 2016-04-11
|s 2016-04-04
|t 1
|w 2012-07-16
|y BK
|